00901nam a22002657a 45000010005000000030006000050050017000110080041000280200018000690400030000870500016001170820014001331000020001472450044001672500047002112600037002583000060002955050008003555200131003635210029004945210020005236500028005436500029005717000035006008211FISKH20250902164135.0250902b cb ||||| |||| 00| 0 eng d a9780439087179 aFISKHbeng cFISKHdFISKH a PZ8.W465 R a782.42162 aWells, Rosemary aRead to your bunny /cBy Rosemary Wells aFirst Trade paperback edition, August 1999 aNew York : bScholastic ,c1997. a32 unnumbered pages : bcolor illustrations ;c18 cm .  aF  aBrief rhyming text and colorful illustrations tell what happens when parents and children share twenty minutes a day reading. 8 a300 bLexile estimate 8 aF bRaz-Plus  aBunniesvChidren's Book aRabbitsvChildren's Book aSaylor, David eBook designer